Statistics for Smallest Countries In 2100 By Population

Click here to take the quiz!

General Stats

  • This quiz has been taken 40 times
  • The average score is 17 of 20

Answer Stats

HintAnswer% Correct
12,000Nauru
97%
1,000Vatican City
95%
60,000Andorra
92%
116,000F.S. Micronesia
92%
51,000Marshall Islands
92%
14,000Palau
92%
239,000Kiribati
89%
41,000Liechtenstein
89%
51,000Monaco
89%
26,000San Marino
89%
130,000Tonga
89%
14,000Tuvalu
89%
77,000Antigua and Barbuda
87%
36,000St. Kitts and Nevis
87%
122,000St. Lucia
87%
116,000Grenada
84%
73,000St. Vincent and the Grenadines
82%
204,000Barbados
74%
53,000Dominica
71%
104,000Seychelles
71%

Score Distribution

Percentile by Number Answered

Percent of People with Each Score

Your Score History

You have not taken this quiz